000 01111nam a22003257a 4500
003 CHAP
005 20220329134022.0
008 971013s1958 r 00010 d
010 _a14172
011 _a15144
035 _a19218
040 _cCHAP
090 _aTesis
100 0 0 _aGonzález Machado, José Luis.
_949122
245 _aAplicación del diseño estadístico de experimentos a un problema de ingeniería química
_b: secado instantáneo de pulpa de celulosa
260 _aMéxico, D.F. :
_bEl autor,
_c1958
300 _a92 h.
_b: ilus
502 _aTesis (Ingeniero Químico) -- UNAM. Escuela Nacional de Ciencias Químicas
590 _aALEPH
_b10
_c20130110
_lUCH01
_h1235
590 _aBATCH-UPD
_b10
_c20130110
_lUCH01
_h1348
590 _aBATCH-UPD
_b10
_c20130410
_lUCH01
_h0846
590 _aBATCH-UPD
_b10
_c20130914
_lUCH01
_h1205
590 _aCONVERSION
_b10
_c20130109
_lUCH01
_h1309
650 1 4 _aDiseños experimentales.
_932735
650 1 4 _aPulpa de madera.
_993003
650 1 4 _aSecadores.
_9103479
901 _aBK
942 _cTESIS
949 _bBC
_cTES
_d-44572
_eTS1
_i19218
_si
999 _c14172
_d14172